<?xml version="1.0" encoding="UTF-8"?>
<record
    xmlns:xsi="http://www.w3.org/2001/XMLSchema-instance"
    xsi:schemaLocation="http://www.loc.gov/MARC21/slim http://www.loc.gov/standards/marcxml/schema/MARC21slim.xsd"
    xmlns="http://www.loc.gov/MARC21/slim">

  <leader>01668nam a2200313 i 4500</leader>
  <controlfield tag="003">DO-SdBNP</controlfield>
  <controlfield tag="005">20251106094005.0</controlfield>
  <controlfield tag="007">ta</controlfield>
  <controlfield tag="008">210317b2020     dr||||| |||| 00| 0 spa d</controlfield>
  <datafield tag="020" ind1=" " ind2=" ">
    <subfield code="a">9789945807295</subfield>
  </datafield>
  <datafield tag="040" ind1=" " ind2=" ">
    <subfield code="a">DO-SdBNP</subfield>
    <subfield code="b">spa</subfield>
    <subfield code="c">BNPHU</subfield>
    <subfield code="e">rda</subfield>
  </datafield>
  <datafield tag="041" ind1=" " ind2=" ">
    <subfield code="a">spa</subfield>
  </datafield>
  <datafield tag="082" ind1=" " ind2="4">
    <subfield code="a">616.998</subfield>
    <subfield code="b">Y47a</subfield>
    <subfield code="2">22</subfield>
  </datafield>
  <datafield tag="100" ind1="1" ind2=" ">
    <subfield code="a">Yermenos Forastieri, Pablo</subfield>
    <subfield code="e">autor</subfield>
    <subfield code="4">aut.</subfield>
    <subfield code="9">36154</subfield>
  </datafield>
  <datafield tag="245" ind1="1" ind2="0">
    <subfield code="a">Apuntes dermatoleprol&#xF3;gicos :</subfield>
    <subfield code="b">la supuesta lepra de los hermanos Deligne , lepra e intervenci&#xF3;n /</subfield>
    <subfield code="c">Pablo Yermenos Forastieri ; diagramaci&#xF3;n y dise&#xF1;o de cubierta, Juan Francisco Dom&#xED;nguez Novas.</subfield>
  </datafield>
  <datafield tag="264" ind1=" " ind2="4">
    <subfield code="a">Santo Domingo, Rep&#xFA;blica Dominicana :  </subfield>
    <subfield code="b">Editora B&#xFA;ho, </subfield>
    <subfield code="c">&#xA9;2020.</subfield>
  </datafield>
  <datafield tag="300" ind1=" " ind2=" ">
    <subfield code="a">119 p&#xE1;ginas :</subfield>
    <subfield code="b">ilustraciones ;</subfield>
    <subfield code="c">23 cm. </subfield>
  </datafield>
  <datafield tag="336" ind1=" " ind2=" ">
    <subfield code="a">texto</subfield>
    <subfield code="b">txt</subfield>
    <subfield code="2">rdacontent</subfield>
  </datafield>
  <datafield tag="337" ind1=" " ind2=" ">
    <subfield code="a">sin mediaci&#xF3;n</subfield>
    <subfield code="b">n</subfield>
    <subfield code="2">rdamedia </subfield>
  </datafield>
  <datafield tag="338" ind1=" " ind2=" ">
    <subfield code="a">volumen  </subfield>
    <subfield code="b">nc</subfield>
    <subfield code="2">rdacarrier</subfield>
  </datafield>
  <datafield tag="500" ind1=" " ind2=" ">
    <subfield code="a">Incluye &#xED;ndice onom&#xE1;stico</subfield>
  </datafield>
  <datafield tag="504" ind1=" " ind2=" ">
    <subfield code="a">Bibliograf&#xED;a: p&#xE1;ginas 111-115 </subfield>
  </datafield>
  <datafield tag="505" ind1="0" ind2=" ">
    <subfield code="a">Dedicatoria --</subfield>
    <subfield code="t">Introducci&#xF3;n --</subfield>
    <subfield code="t">La formaci&#xF3;n --</subfield>
    <subfield code="t">El lamento --</subfield>
    <subfield code="t">Estudio de un enfermo de la piel --</subfield>
    <subfield code="t">Evoluci&#xF3;n hist&#xF3;rica --</subfield>
    <subfield code="t">Esteroides en dermatolog&#xED;a --</subfield>
    <subfield code="t">Los hermanos Deligne y los intelectuales --</subfield>
    <subfield code="t">Actividades culturales, sociales y pol&#xED;ticas --</subfield>
    <subfield code="t">Los m&#xE9;dicos y sus opiniones --</subfield>
    <subfield code="t">La lepra y la religi&#xF3;n --</subfield>
    <subfield code="t">Observaciones --</subfield>
    <subfield code="t"> La lepra y los hermanos Deligne --</subfield>
    <subfield code="t">Lepra e intervenci&#xF3;n --</subfield>
    <subfield code="t">La debacle documental de Morgan --</subfield>
    <subfield code="t">Sugerencia --</subfield>
    <subfield code="t">Comentarios --</subfield>
  </datafield>
  <datafield tag="590" ind1=" " ind2=" ">
    <subfield code="a">Inventariado, 2021 /LP
</subfield>
  </datafield>
  <datafield tag="650" ind1=" " ind2="4">
    <subfield code="a">Lepra</subfield>
    <subfield code="z">Rep&#xFA;blica Dominicana</subfield>
    <subfield code="9">82179</subfield>
  </datafield>
  <datafield tag="700" ind1=" " ind2=" ">
    <subfield code="a">Dom&#xED;nguez Novas, Juan Francisco</subfield>
    <subfield code="e">diagramador </subfield>
    <subfield code="4">di</subfield>
    <subfield code="9">73382</subfield>
  </datafield>
  <datafield tag="910" ind1=" " ind2=" ">
    <subfield code="a">LP&#xE9;rez. Validado. Control de calidad MFF</subfield>
  </datafield>
  <datafield tag="942" ind1=" " ind2=" ">
    <subfield code="2">ddc</subfield>
    <subfield code="c">LBS1</subfield>
  </datafield>
  <datafield tag="952" ind1=" " ind2=" ">
    <subfield code="0">0</subfield>
    <subfield code="1">0</subfield>
    <subfield code="2">ddc</subfield>
    <subfield code="5">1</subfield>
    <subfield code="7">0</subfield>
    <subfield code="8">PD</subfield>
    <subfield code="a">BNPHU</subfield>
    <subfield code="b">BNPHU</subfield>
    <subfield code="c">HD</subfield>
    <subfield code="d">2021-03-17</subfield>
    <subfield code="e">Dep&#xF3;sito Legal </subfield>
    <subfield code="o">BNPHU PD 616.998 Y47a</subfield>
    <subfield code="p">2021-0932</subfield>
    <subfield code="r">2021-03-17</subfield>
    <subfield code="w">2021-03-17</subfield>
    <subfield code="y">LBS1</subfield>
  </datafield>
  <datafield tag="952" ind1=" " ind2=" ">
    <subfield code="0">0</subfield>
    <subfield code="1">0</subfield>
    <subfield code="2">ddc</subfield>
    <subfield code="5">1</subfield>
    <subfield code="7">0</subfield>
    <subfield code="8">PD</subfield>
    <subfield code="a">BNPHU</subfield>
    <subfield code="b">BNPHU</subfield>
    <subfield code="c">HD</subfield>
    <subfield code="d">2021-03-17</subfield>
    <subfield code="e">Dep&#xF3;sito Legal </subfield>
    <subfield code="o">BNPHU PD 616.998 Y47a</subfield>
    <subfield code="p">2021-0933</subfield>
    <subfield code="r">2021-03-17</subfield>
    <subfield code="t">e. 2</subfield>
    <subfield code="w">2021-03-17</subfield>
    <subfield code="y">LBS1</subfield>
  </datafield>
  <datafield tag="952" ind1=" " ind2=" ">
    <subfield code="0">0</subfield>
    <subfield code="1">0</subfield>
    <subfield code="2">ddc</subfield>
    <subfield code="5">6</subfield>
    <subfield code="7">0</subfield>
    <subfield code="8">DS</subfield>
    <subfield code="a">BNPHU</subfield>
    <subfield code="b">BNPHU</subfield>
    <subfield code="c">HD</subfield>
    <subfield code="d">2021-03-17</subfield>
    <subfield code="e">Dep&#xF3;sito Legal </subfield>
    <subfield code="o">BNPHU DS 616.998 Y47a</subfield>
    <subfield code="p">2021-0934</subfield>
    <subfield code="r">2021-03-17</subfield>
    <subfield code="t">e. 3</subfield>
    <subfield code="w">2021-03-17</subfield>
    <subfield code="y">LBS1</subfield>
  </datafield>
  <datafield tag="952" ind1=" " ind2=" ">
    <subfield code="0">0</subfield>
    <subfield code="1">0</subfield>
    <subfield code="2">ddc</subfield>
    <subfield code="5">6</subfield>
    <subfield code="7">0</subfield>
    <subfield code="8">DS</subfield>
    <subfield code="a">BNPHU</subfield>
    <subfield code="b">BNPHU</subfield>
    <subfield code="c">HD</subfield>
    <subfield code="d">2024-02-05</subfield>
    <subfield code="e">Donado por Omar Sili&#xE9;</subfield>
    <subfield code="l">0</subfield>
    <subfield code="o">BNPHU DS 616.998 Y47a</subfield>
    <subfield code="p">2025-12542</subfield>
    <subfield code="r">2025-11-06</subfield>
    <subfield code="t">e. 4</subfield>
    <subfield code="w">2025-11-06</subfield>
    <subfield code="y">LBS1</subfield>
  </datafield>
  <datafield tag="952" ind1=" " ind2=" ">
    <subfield code="0">0</subfield>
    <subfield code="1">0</subfield>
    <subfield code="2">ddc</subfield>
    <subfield code="5">6</subfield>
    <subfield code="7">0</subfield>
    <subfield code="8">DS</subfield>
    <subfield code="a">BNPHU</subfield>
    <subfield code="b">BNPHU</subfield>
    <subfield code="c">HD</subfield>
    <subfield code="d">2024-05-10</subfield>
    <subfield code="e">Donado por Pablo Yermenos Forastieri</subfield>
    <subfield code="l">0</subfield>
    <subfield code="o">BNPHU DS 616.998 Y47a</subfield>
    <subfield code="p">2025-12543</subfield>
    <subfield code="r">2025-11-06</subfield>
    <subfield code="t">e. 5</subfield>
    <subfield code="w">2025-11-06</subfield>
    <subfield code="y">LBS1</subfield>
  </datafield>
  <datafield tag="999" ind1=" " ind2=" ">
    <subfield code="c">49598</subfield>
    <subfield code="d">49598</subfield>
  </datafield>
</record>
